Dynamics of software development (Record no. 85812)

MARC details
000 -LEADER
fixed length control field 00549nam a2200205Ia 4500
008 - FIXED-LENGTH DATA ELEMENTS--GENERAL INFORMATION
fixed length control field 230125s9999 xx 000 0 und d
020 ## - INTERNATIONAL STANDARD BOOK NUMBER
International Standard Book Number 81-7853-017-1
041 ## - LANGUAGE CODE
Language code of text/sound track or separate title eng
082 ## - DEWEY DECIMAL CLASSIFICATION NUMBER
Classification number 005.1
Item number McC
100 ## - MAIN ENTRY--PERSONAL NAME
Personal name McCarthy J
9 (RLIN) 109095
245 ## - TITLE STATEMENT
Title Dynamics of software development
260 ## - PUBLICATION, DISTRIBUTION, ETC. (IMPRINT)
Date of publication, distribution, etc. 2001
Name of publisher, distributor, etc. W P Publisher
Place of publication, distribution, etc. New Delhi
300 ## - PHYSICAL DESCRIPTION
Extent 184p
500 ## - GENERAL NOTE
Keywords Buisness application,Software development
500 ## - GENERAL NOTE
Keywords Software engineering
650 ## - SUBJECT ADDED ENTRY--TOPICAL TERM
Topical term or geographic name as entry element Computer Management
700 ## - ADDED ENTRY--PERSONAL NAME
Personal name McCarthy J
9 (RLIN) 109095
906 ## - LOCAL DATA ELEMENT F, LDF (RLIN)
b 45
Holdings
Withdrawn status Lost status Damaged status Not for loan Home library Current library Date acquired Vendor Cost, normal purchase price Full call number Barcode Date last seen Cost, replacement price Bill Date Koha item type Original Barcode
Withdrawn       Smt. Hiraben Nanavati Institute of Management & Research for Women Smt. Hiraben Nanavati Institute of Management & Research for Women 12/07/2001 Varma Book Distributor 300.00 005.1 McC B02625 HIMR-BK-2625 25/01/2023 255.00 07/12/2001 Books B02625